| 000 | 01033cam a22002411 4500 | ||
|---|---|---|---|
| 001 | ss 53000018 | ||
| 003 | DLC | ||
| 005 | 20260227112752.0 | ||
| 008 | 820924s1953 dcua f000 0 eng c | ||
| 010 | _ass 53000018 | ||
| 035 | _a(OCoLC)8805108 | ||
| 040 |
_aU.S. Social Security Administration. Library _cMBU _dDLC |
||
| 050 | 0 | 0 |
_aHV85 _b.A375 no. 22 |
| 082 | _a362.65 | ||
| 110 | 1 |
_aUnited States. _bBureau of Public Assistance. |
|
| 245 | 1 | 0 |
_aCharacteristics of recipients of aid to the permanently and totally disabled, mid-1951; _bbasic tables and findings from a study of social and medical characteristics of recipients. |
| 260 |
_aWashington, _bU.S. Dept. of Health, Education, and Welfare, Social Security Administration, _c1953. |
||
| 300 |
_a99 p. _btables. _c27 cm. |
||
| 490 | 1 |
_aIts Public assistance report, _vno. 22 |
|
| 650 | 0 |
_aPublic welfare _zUnited States. |
|
| 650 | 0 |
_aPeople with disabilities _zUnited States. |
|
| 810 | 1 |
_aUnited States. _bBureau of Public Assistance. _tpublic assistance report, _vno. 22. |
|
| 999 |
_c90944 _d90944 |
||